000 00327 a2200109 4500
001 ART_29054
005 20260410161909.0
008 260409a
245 1 0 _aUnemployment, wages and government policy
100 1 _aAtkinson, A.B.
773 0 _tThe Economic Journal
_g- Vol. 92, NÂș 365 (mar. 1982)
_wREV12512
999 _c26653
_d26653